00938 a2200145 4500003000500000005001700005040000900022082001700031100001700048245008700065260005300152300001300205505054800218650002600766Nust20221031105336.0 cNust a621.3192,DOV aDover, A. T. aCircuits, instruments materials Vol. 2 /cA.T. Dover , F.T Champan & Harley Carter aLongmans, green and companybHer majesty'sc1956 aix,489 p aIntroduction (Page-1), Direct Current Theory(Page-10), Single Phase Alternating Current (Page-39), Three Phase Circuits (Page-72), Laboratory Instruments and Methods of Measurements (Page-105), Commercial Measuring Instruments (Page-151), Conducting Materials (Page-202), Insulators and Insulating Materials (Page-214), The Magnetic Field (Page-233), Magnetization and Hysteresis (Page-268), Magnetic Measurements (Page-295), Magnetic Properties of Mitral (Page-324), The Electric Field (Page-339), The Electron and Electron Tubes (Page-357),  aInstruments materials